000 00458nam a2200181Ia 4500
001 16462
005 20260306170311.0
008 260306t2007||||xx |||||||||||||| ||und||
041 _aESP
082 _a348.6
_bG64
100 _aGómez Valdez, Francisco
_eAUT
245 0 _aDerecho del trabajo:
_brelaciones individuales de trabajo
260 _c2007
300 _a627 páginas :
_c24 cm.
650 _aGEN
654 _aCDE
942 _cLIB
_dJUS
_fJUS
_2ddc
_n
999 _c16462
_d16462